El e-diario de los actores del prácticum y prácticas externas : una investigación desde la RedTICPraxis /

Tallennettuna:
Bibliografiset tiedot
Päätekijä: Martín-Cuadrado, Ana María (coordinación)
Muut tekijät: Pérez Sánchez, Lourdes (coordinación) (coordinación), Cebrián de la Serna, Manuel (presentación) (presentación)
Aineistotyyppi: Kirja
Kieli:espanja
Julkaistu: Madrid, España : Narcea, 2023, c2023
Sarja:(Narcea Universitaria)
Aiheet:
Tagit: Lisää tagi
Ei tageja, Lisää ensimmäinen tagi!

MARC

LEADER 00000nam^a2200000^a^4500
001 000578303
005 20250521000000.0
009 20260310132506.261
020 |a 978-84-277-3128-8 
037 |a Acervo ITESO - Biblioteca 
041 |a ESP 
082 |a 371. 334  |b MAR 
100 |a Martín-Cuadrado, Ana María  |e (coordinación) 
245 1 3 |a El e-diario de los actores del prácticum y prácticas externas :  |b una investigación desde la RedTICPraxis /  |c Coord. de A.M. Martín-Cuadrado ; coord. de L. Pérez Sánchez ; presen. de M. Cebrián de la Serna. 
264 4 |a Madrid, España :  |b Narcea,  |c 2023, c2023 
300 |a 213 p. 
336 |a texto  |b txt  |2 rdacontenido 
337 |a sin mediación  |b n  |2 rdamedio 
338 |a volumen  |b nc  |2 rdasoporte 
440 1 |a (Narcea Universitaria) 
521 |a FIL 2023 DIA 
649 |a XX 
650 |a Tecnologías de Comunicación e Información -  |x Función Educativa-Cultural -  |x Tema Principal 
650 |a Proceso Educativo 
650 |a Tecnología Educativa -  |x Tema Principal 
650 |a Educación Superior 
700 |a Pérez Sánchez, Lourdes  |e (coordinación) 
700 |a Cebrián de la Serna, Manuel  |e (presentación) 
910 |a Fondo General 
920 |a Impresos - Libros 
930 |a Colección General 
905 |a 101 
901 |a 0500405585  |b IT1  |c ACC  |i C184887  |u 20250521 
902 |a https://opac.biblio.iteso.mx/vufind/Record/000578303